LEADER 01320nam 2200301 450 001 9910308860003321 005 20210601093202.0 010 $a978-88-917-7889-5 100 $a20190212d2018----u y0engy50 ba 101 0 $aita 102 $aIT 105 0 $a 00 200 1 $aRaccontare la cultura$ecome si informano gli italiani, come si comunicano i musei$fa cura di Lella Mazzoli$gprefazione di Carlo Ossola$hpostfazione di Piero Dorfles 210 $aMilano$cFrancoAngeli$d2018 215 $a125 p.$d22 cm 225 $aMediacultura$v13 300 $aIn un momento in cui la comunicazione, nel suo insieme, insegue l'evento con l' ambizione di essere contemporanea, compete al giornalismo culturale una "coscienza di distanza"che dia alle pagine - e al lettore - prospettiva e orizzonte; che susciti "attesa di senso", offra profondità di campo e opzioni di cammino.E' la sfida più difficile, che tuttavia distingue dalla cronaca il giornalismo di cultura. 610 0 $aMusei$aFruizione 610 0 $aMusei$aComunicazione 676 $a069$v22$zita 700 1$aMazzoli,$bLella$052485 912 $a9910308860003321 952 $a069 MAZ 1$b5926$fbfs 952 $aCollez. 2416 (13)$b3576/2020$fFSPBC 959 $aFSPBC 959 $aBFS 996 $aRaccontare la cultura$91542765 997 $aUNINA LEADER 01811nam 2200433 a 450 001 9910698944303321 005 20091028085212.0 035 $a(CKB)5470000002398433 035 $a(OCoLC)460438436 035 $a(EXLCZ)995470000002398433 100 $a20091028d2009 ua 0 101 0 $aeng 135 $aurmn||||||||| 181 $ctxt$2rdacontent 182 $cc$2rdamedia 183 $acr$2rdacarrier 200 10$aBottled water$b[electronic resource] $eFDA safety and consumer protections are often less stringent than comparable EPA protections for tap water : testimony before the Subcommittee on Oversight and Investigations, Committee on Energy and Commerce, House of Representatives /$fstatement of John Stephenson 210 1$a[Washington, D.C.] :$cU.S. Govt. Accountability Office,$d[2009] 215 $a1 online resource (5 pages) 225 1 $aTestimony ;$vGAO-09-861T 300 $aTitle from PDF title screen (GAO, viewed Oct. 21, 2009). 300 $a"For release ... July 8, 2009." 320 $aIncludes bibliographical references. 517 $aBottled water 606 $aBottled water$xStandards$zUnited States 606 $aBottled water industry$xLaw and legislation$zUnited States 606 $aDrinking water$xStandards$zUnited States 615 0$aBottled water$xStandards 615 0$aBottled water industry$xLaw and legislation 615 0$aDrinking water$xStandards 700 $aStephenson$b John B$01380816 712 02$aUnited States.$bCongress.$bHouse.$bCommittee on Energy and Commerce.$bSubcommittee on Oversight and Investigations. 712 02$aUnited States.$bGovernment Accountability Office. 801 0$bGPO 801 1$bGPO 906 $aBOOK 912 $a9910698944303321 996 $aBottled water$93453475 997 $aUNINA